<?xml version="1.0" encoding="UTF-8"?>
<record
    xmlns:xsi="http://www.w3.org/2001/XMLSchema-instance"
    xsi:schemaLocation="http://www.loc.gov/MARC21/slim http://www.loc.gov/standards/marcxml/schema/MARC21slim.xsd"
    xmlns="http://www.loc.gov/MARC21/slim">

  <leader>02696    a2200313   4500</leader>
  <controlfield tag="001">2162214035926770</controlfield>
  <controlfield tag="003">UA-OsUOA</controlfield>
  <controlfield tag="005">20260504151430.0</controlfield>
  <controlfield tag="008">260504b        un ||||| |||| 00| 0 ukr d</controlfield>
  <datafield tag="020" ind1=" " ind2=" ">
    <subfield code="a">9665811479</subfield>
  </datafield>
  <datafield tag="040" ind1=" " ind2=" ">
    <subfield code="a">UA-OsUOA</subfield>
    <subfield code="b">ukr</subfield>
    <subfield code="c">UA-OsUOA</subfield>
    <subfield code="d">UA-OsUOA</subfield>
  </datafield>
  <datafield tag="041" ind1=" " ind2=" ">
    <subfield code="a">ukr</subfield>
  </datafield>
  <datafield tag="080" ind1=" " ind2=" ">
    <subfield code="a">82.09</subfield>
  </datafield>
  <datafield tag="090" ind1=" " ind2=" ">
    <subfield code="a">82.09</subfield>
    <subfield code="b">&#x41C;74</subfield>
  </datafield>
  <datafield tag="110" ind1=" " ind2=" ">
    <subfield code="a">&#x41A;&#x438;&#x457;&#x432;&#x441;&#x44C;&#x43A;&#x438;&#x439; &#x443;&#x43D;&#x456;&#x432;&#x435;&#x440;&#x441;&#x438;&#x442;&#x435;&#x442; &#x456;&#x43C;&#x435;&#x43D;&#x456; &#x422;&#x430;&#x440;&#x430;&#x441;&#x430; &#x428;&#x435;&#x432;&#x447;&#x435;&#x43D;&#x43A;&#x430;</subfield>
    <subfield code="9">25167</subfield>
  </datafield>
  <datafield tag="245" ind1=" " ind2=" ">
    <subfield code="a">&#x41C;&#x43E;&#x432;&#x430; &#x456; &#x43B;&#x456;&#x442;&#x435;&#x440;&#x430;&#x442;&#x443;&#x440;&#x430;: &#x43A;&#x440;&#x43E;&#x43A;&#x438; &#x434;&#x43E; &#x43D;&#x430;&#x446;&#x456;&#x43E;&#x43D;&#x430;&#x43B;&#x44C;&#x43D;&#x43E;&#x457; &#x456;&#x434;&#x435;&#x43D;&#x442;&#x438;&#x447;&#x43D;&#x43E;&#x441;&#x442;&#x456;</subfield>
    <subfield code="c">&#x420;&#x435;&#x434;. &#x43A;&#x43E;&#x43B;&#x435;&#x433;&#x456;&#x44F;: &#x41C;. &#x41A;. &#x41D;&#x430;&#x454;&#x43D;&#x43A;&#x43E;, &#x410;. &#x41E;. &#x422;&#x43A;&#x430;&#x447;&#x435;&#x43D;&#x43A;&#x43E;, &#x41D;. &#x41C;. &#x413;&#x430;&#x454;&#x432;&#x441;&#x44C;&#x43A;&#x430; &#x442;&#x430; &#x456;&#x43D;.</subfield>
  </datafield>
  <datafield tag="250" ind1=" " ind2=" ">
    <subfield code="a">&#x412;&#x438;&#x43F;&#x443;&#x441;&#x43A; 2</subfield>
  </datafield>
  <datafield tag="260" ind1=" " ind2=" ">
    <subfield code="a">&#x41A;&#x438;&#x457;&#x432;</subfield>
    <subfield code="b">&#x412;&#x438;&#x434;&#x430;&#x432;&#x43D;&#x438;&#x447;&#x438;&#x439; &#x446;&#x435;&#x43D;&#x442;&#x440; "&#x41A;&#x438;&#x457;&#x432;&#x441;&#x44C;&#x43A;&#x438;&#x439; &#x443;&#x43D;&#x456;&#x432;&#x435;&#x440;&#x441;&#x438;&#x442;&#x435;&#x442;"</subfield>
    <subfield code="c">1999</subfield>
  </datafield>
  <datafield tag="300" ind1=" " ind2=" ">
    <subfield code="a">75 &#x441;.</subfield>
  </datafield>
  <datafield tag="490" ind1=" " ind2=" ">
    <subfield code="a">&#x424;&#x456;&#x43B;&#x43E;&#x43B;&#x43E;&#x433;&#x456;&#x447;&#x43D;&#x456; &#x441;&#x435;&#x43C;&#x456;&#x43D;&#x430;&#x440;&#x438;</subfield>
    <subfield code="v">&#x412;&#x438;&#x43F;&#x443;&#x441;&#x43A; 2</subfield>
  </datafield>
  <datafield tag="520" ind1=" " ind2=" ">
    <subfield code="a">&#x423; &#x437;&#x431;&#x456;&#x440;&#x43D;&#x438;&#x43A;&#x443; &#x432;&#x43C;&#x456;&#x449;&#x435;&#x43D;&#x43E; &#x43D;&#x430;&#x443;&#x43A;&#x43E;&#x432;&#x456; &#x441;&#x442;&#x443;&#x434;&#x456;&#x457; &#x443;&#x447;&#x430;&#x441;&#x43D;&#x438;&#x43A;&#x456;&#x432; &#x444;&#x456;&#x43B;&#x43E;&#x43B;&#x43E;&#x433;&#x456;&#x447;&#x43D;&#x43E;&#x433;&#x43E; &#x441;&#x435;&#x43C;&#x456;&#x43D;&#x430;&#x440;&#x443; "&#x422;&#x435;&#x43E;&#x440;&#x435;&#x442;&#x438;&#x447;&#x43D;&#x456; &#x439; &#x43C;&#x435;&#x442;&#x43E;&#x434;&#x43E;&#x43B;&#x43E;&#x433;&#x456;&#x447;&#x43D;&#x456; &#x43F;&#x440;&#x43E;&#x431;&#x43B;&#x435;&#x43C;&#x438; &#x43B;&#x456;&#x442;&#x435;&#x440;&#x430;&#x442;&#x443;&#x440;&#x43E;&#x437;&#x43D;&#x430;&#x432;&#x441;&#x442;&#x432;&#x43E;". &#x414;&#x456;&#x44F;&#x43B;&#x44C;&#x43D;&#x456;&#x441;&#x442;&#x44C; &#x446;&#x44C;&#x43E;&#x433;&#x43E; &#x441;&#x435;&#x43C;&#x456;&#x43D;&#x430;&#x440;&#x443; (&#x434;&#x438;&#x432;. &#x432;&#x438;&#x43F;. 1) &#x432;&#x456;&#x434;&#x43D;&#x43E;&#x432;&#x43B;&#x435;&#x43D;&#x43E; &#x432; &#x41A;&#x438;&#x457;&#x432;&#x441;&#x44C;&#x43A;&#x43E;&#x43C;&#x443; &#x443;&#x43D;&#x456;&#x432;&#x435;&#x440;&#x441;&#x438;&#x442;&#x435;&#x442;&#x456; &#x437;&#x430; &#x443;&#x447;&#x430;&#x441;&#x442;&#x44E; &#x423;&#x43A;&#x440;&#x430;&#x457;&#x43D;&#x441;&#x44C;&#x43A;&#x43E;&#x433;&#x43E; &#x43D;&#x430;&#x443;&#x43A;&#x43E;&#x432;&#x43E;&#x433;&#x43E; &#x456;&#x43D;&#x441;&#x442;&#x438;&#x442;&#x443;&#x442;&#x443; &#x413;&#x430;&#x440;&#x432;&#x430;&#x440;&#x434;&#x441;&#x44C;&#x43A;&#x43E;&#x433;&#x43E; &#x443;&#x43D;&#x456;&#x432;&#x435;&#x440;&#x441;&#x438;&#x442;&#x435;&#x442;&#x443;, &#x412;&#x430;&#x440;&#x448;&#x430;&#x432;&#x441;&#x44C;&#x43A;&#x43E;&#x433;&#x43E; &#x443;&#x43D;&#x456;&#x432;&#x435;&#x440;&#x441;&#x438;&#x442;&#x435;&#x442;&#x443;, &#x422;&#x431;&#x456;&#x43B;&#x456;&#x441;&#x44C;&#x43A;&#x43E;&#x433;&#x43E; &#x443;&#x43D;&#x456;&#x432;&#x435;&#x440;&#x441;&#x438;&#x442;&#x435;&#x442;&#x443; &#x442;&#x430; &#x406;&#x43D;&#x441;&#x442;&#x438;&#x442;&#x443;&#x442;&#x443; &#x43B;&#x456;&#x442;&#x435;&#x440;&#x430;&#x442;&#x443;&#x440;&#x438; &#x456;&#x43C;&#x435;&#x43D;&#x456; &#x422;&#x430;&#x440;&#x430;&#x441;&#x430; &#x428;&#x435;&#x432;&#x447;&#x435;&#x43D;&#x43A;&#x430; &#x41D;&#x410;&#x41D; &#x423;&#x43A;&#x440;&#x430;&#x457;&#x43D;&#x438;. 24 &#x433;&#x440;&#x443;&#x434;&#x43D;&#x44F; 1998 &#x440;&#x43E;&#x43A;&#x443; &#x432;&#x456;&#x434;&#x431;&#x443;&#x43B;&#x43E;&#x441;&#x44F; &#x447;&#x435;&#x442;&#x432;&#x435;&#x440;&#x442;&#x435; &#x437;&#x430;&#x441;&#x456;&#x434;&#x430;&#x43D;&#x43D;&#x44F; &#x441;&#x435;&#x43C;&#x456;&#x43D;&#x430;&#x440;&#x443;. &#x41E;&#x431;&#x433;&#x43E;&#x432;&#x43E;&#x440;&#x435;&#x43D;&#x43E; &#x442;&#x435;&#x43C;&#x443;: "&#x43C;&#x43E;&#x432;&#x430; &#x456; &#x43B;&#x456;&#x442;&#x435;&#x440;&#x430;&#x442;&#x443;&#x440;&#x430;: &#x43A;&#x440;&#x43E;&#x43A;&#x438; &#x434;&#x43E; &#x43D;&#x430;&#x446;&#x456;&#x43E;&#x43D;&#x430;&#x43B;&#x44C;&#x43D;&#x43E;&#x457; &#x456;&#x434;&#x435;&#x43D;&#x442;&#x438;&#x447;&#x43D;&#x43E;&#x441;&#x442;&#x456;". &#x423; &#x43A;&#x43E;&#x43D;&#x442;&#x435;&#x43A;&#x441;&#x442;&#x456; &#x437;&#x430;&#x44F;&#x432;&#x43B;&#x435;&#x43D;&#x43D;&#x43E;&#x457; &#x442;&#x435;&#x43C;&#x438; &#x439;&#x448;&#x43B;&#x43E;&#x441;&#x44F; &#x43F;&#x440;&#x43E; &#x448;&#x438;&#x440;&#x43E;&#x43A;&#x435; &#x43A;&#x43E;&#x43B;&#x43E; &#x444;&#x456;&#x43B;&#x43E;&#x43B;&#x43E;&#x433;&#x456;&#x447;&#x43D;&#x438;&#x445; &#x43F;&#x440;&#x43E;&#x431;&#x43B;&#x435;&#x43C;, &#x442;&#x456;&#x454;&#x44E; &#x447;&#x438; &#x456;&#x43D;&#x448;&#x43E;&#x44E; &#x43C;&#x456;&#x440;&#x43E;&#x44E; &#x434;&#x43E;&#x442;&#x438;&#x447;&#x43D;&#x438;&#x445; &#x434;&#x43E; &#x437;&#x430;&#x44F;&#x432;&#x43B;&#x435;&#x43D;&#x43E;&#x457;.
&#x412;&#x438;&#x441;&#x43B;&#x43E;&#x432;&#x43B;&#x435;&#x43D;&#x43D;&#x456; &#x434;&#x443;&#x43C;&#x43A;&#x438; &#x43E;&#x434;&#x43D;&#x430;&#x43A;&#x43E;&#x432;&#x43E; &#x437;&#x430;&#x446;&#x456;&#x43A;&#x430;&#x432;&#x43B;&#x44F;&#x442;&#x44C; &#x456; &#x43D;&#x430;&#x443;&#x43A;&#x43E;&#x432;&#x446;&#x456;&#x432; &#x430;&#x43A;&#x430;&#x434;&#x435;&#x43C;&#x456;&#x447;&#x43D;&#x43E;&#x433;&#x43E; "&#x43F;&#x440;&#x43E;&#x444;&#x456;&#x43B;&#x44E;", &#x456; &#x432;&#x438;&#x43A;&#x43B;&#x430;&#x434;&#x430;&#x447;&#x456;&#x432; &#x432;&#x438;&#x449;&#x43E;&#x457; &#x448;&#x43A;&#x43E;&#x43B;&#x438;, &#x456; &#x430;&#x441;&#x43F;&#x456;&#x440;&#x430;&#x43D;&#x442;&#x456;&#x432; &#x442;&#x430; &#x441;&#x442;&#x443;&#x434;&#x435;&#x43D;&#x442;&#x456;&#x432; &#x444;&#x456;&#x43B;&#x43E;&#x43B;&#x43E;&#x433;&#x456;&#x432;.</subfield>
  </datafield>
  <datafield tag="650" ind1=" " ind2=" ">
    <subfield code="a">82 &#x41B;&#x456;&#x442;&#x435;&#x440;&#x430;&#x442;&#x443;&#x440;&#x430;. &#x41B;&#x456;&#x442;&#x435;&#x440;&#x430;&#x442;&#x443;&#x440;&#x43E;&#x437;&#x43D;&#x430;&#x432;&#x441;&#x442;&#x432;&#x43E;</subfield>
    <subfield code="9">15</subfield>
  </datafield>
  <datafield tag="700" ind1="1" ind2=" ">
    <subfield code="a">&#x41D;&#x430;&#x454;&#x43D;&#x43A;&#x43E; &#x41C;. &#x41A;.</subfield>
    <subfield code="9">25165</subfield>
  </datafield>
  <datafield tag="700" ind1="1" ind2=" ">
    <subfield code="a">&#x422;&#x43A;&#x430;&#x447;&#x435;&#x43D;&#x43A;&#x43E; &#x410;. &#x41E;.</subfield>
    <subfield code="9">25166</subfield>
  </datafield>
  <datafield tag="700" ind1="1" ind2=" ">
    <subfield code="a">&#x413;&#x430;&#x454;&#x432;&#x441;&#x44C;&#x43A;&#x430; &#x41D;. &#x41C;.</subfield>
    <subfield code="9">20878</subfield>
  </datafield>
  <datafield tag="942" ind1=" " ind2=" ">
    <subfield code="c">BK</subfield>
    <subfield code="2">udc</subfield>
  </datafield>
  <datafield tag="955" ind1=" " ind2=" ">
    <subfield code="a">1</subfield>
  </datafield>
  <datafield tag="999" ind1=" " ind2=" ">
    <subfield code="c">580639</subfield>
    <subfield code="d">580639</subfield>
  </datafield>
  <datafield tag="952" ind1=" " ind2=" ">
    <subfield code="0">0</subfield>
    <subfield code="1">0</subfield>
    <subfield code="2">udc</subfield>
    <subfield code="4">0</subfield>
    <subfield code="7">0</subfield>
    <subfield code="8">C_Shevchuk_V.</subfield>
    <subfield code="a">101</subfield>
    <subfield code="b">101</subfield>
    <subfield code="d">2026-05-04</subfield>
    <subfield code="e">&#x410;&#x43A;&#x442; &#x2116;24/28.04.2026</subfield>
    <subfield code="g">15.00</subfield>
    <subfield code="i">169896</subfield>
    <subfield code="l">0</subfield>
    <subfield code="o">82.09 &#x41C;74</subfield>
    <subfield code="p">169896</subfield>
    <subfield code="r">2026-05-04 15:15:58</subfield>
    <subfield code="v">15.00</subfield>
    <subfield code="w">2026-05-04</subfield>
    <subfield code="y">BK</subfield>
  </datafield>
</record>
